Catalog

Record Details

Catalog Search



Available copies

  • 2 of 2 copies available at LARL/NWRL Consortium.
  • 2 of 2 copies available at Lake Agassiz Regional Library. (Show preferred library)

Current holds

0 current holds with 2 total copies.

Show Only Available Copies
Location Call Number / Copy Notes Barcode Shelving Location Status Due Date
Crookston Public Library Y CYP (Text) 33500011866498 Main Available -
Moorhead Public Library Y CYP (Text) 33500011866324 Main Available -

Record details

  • ISBN: 9780062221216 (hbk.)
  • ISBN: 0062221213 (hbk.)
  • Physical Description: 346 pages ; 22 cm
  • Edition: First edition.
  • Publisher: New York, NY : Greenwillow Books, an imprint of HarperCollinsPublishers, 2014

Content descriptions

Summary, etc.:
"When a young sorceress is exiled to teach magic ... Read More
Subject: Magic > Juvenile fiction.
Secrecy > Juvenile fiction.
Assassins > Juvenile fiction.
Magic > Fiction.
Secrets > Fiction.
Assassins > Fiction.
Love > Fiction.
Fantasy.
LDR 01698cam a2200457 i 4500
001164275
003LARL_NWRL_CONSORTIUM
00520140408091952.0
008131023s2014 nyu d 000 1 eng
010 . ‡a2013037379
019 . ‡a849787343
020 . ‡a9780062221216 (hbk.)
020 . ‡a0062221213 (hbk.)
035 . ‡a(OCoLC)861497041 ‡z(OCoLC)849787343
040 . ‡aDLC ‡erda ‡beng ‡cDLC ‡dIG# ‡dYDXCP ‡dBTCTA ‡dBDX ‡dUPZ ‡dCO2 ‡dIZ8
05000. ‡aPZ7.C9972 ‡bDe 2014
08200. ‡a[Fic] ‡223
1001 . ‡aCypess, Leah.
24510. ‡aDeath sworn ‡n#1 / ‡cLeah Cypess.
250 . ‡aFirst edition.
260 . ‡aNew York, NY : ‡bGreenwillow Books, an imprint of HarperCollinsPublishers, ‡c2014
300 . ‡a346 pages ; ‡c22 cm
336 . ‡atext ‡2rdacontent
337 . ‡aunmediated ‡2rdamedia
338 . ‡avolume ‡2rdacarrier
4900 . ‡aDeath sworn ; ‡v1
520 . ‡a"When a young sorceress is exiled to teach magic to a clan of assassins, she will find that secrets can be even deadlier than swords"-- ‡cProvided by publisher.
650 0. ‡aMagic ‡vJuvenile fiction. ‡0(LARL_NWRL_CONSORTIUM)165990
650 0. ‡aSecrecy ‡vJuvenile fiction. ‡0(LARL_NWRL_CONSORTIUM)174888
650 0. ‡aAssassins ‡vJuvenile fiction.
650 1. ‡aMagic ‡vFiction. ‡0(LARL_NWRL_CONSORTIUM)165984
650 1. ‡aSecrets ‡vFiction.
650 1. ‡aAssassins ‡vFiction. ‡0(LARL_NWRL_CONSORTIUM)163322
650 1. ‡aLove ‡vFiction. ‡0(LARL_NWRL_CONSORTIUM)176088
650 1. ‡aFantasy. ‡0(LARL_NWRL_CONSORTIUM)19981
948 . ‡hNO HOLDINGS IN LAL - 241 OTHER HOLDINGS
994 . ‡aZ0 ‡bLAL
901 . ‡a164275 ‡bOCLC ‡c164275 ‡tbiblio

Additional Resources